000 01614cam a22004577a 4500
003 CHAP
005 20220817043503.0
008 981028d1994 it rf 11 eng d
010 _a76479
011 _a77451
020 _a9251032580
035 _a87058
040 _cCHAP
082 0 4 _a636.08947
_bF3 1995
110 2 _aFAO
245 1 2 _aA manual for the primary animal health care worker :
_bworking guide guidelines for training guidelines for adaptation
_c/by FAO
260 _aRome :
_bFAO,
_c1994.
300 _a317 p. :
_bilus.
590 _aBATCH-UPD
_b10
_c20130110
_lUCH01
_h0524
590 _aBATCH-UPD
_b10
_c20130410
_lUCH01
_h0203
590 _aBATCH-UPD
_b10
_c20130914
_lUCH01
_h0248
590 _aCONVERSION
_b10
_c20130109
_lUCH01
_h1342
650 1 4 _aAlpacas
_xEnfermedades.
_94630
650 1 4 _aAves de corral
_xEnfermedades.
_98646
650 1 4 _aBúfalos
_xEnfermedades.
_914739
650 1 4 _aCamellos
_xEnfermedades.
_917831
650 1 4 _aConejos
_xEnfermedades.
_926362
650 1 4 _aGanado asnal
_xEnfermedades.
_944965
650 1 4 _aGanado caballar
_xEnfermedades.
_944973
650 1 4 _aGanado cabrío
_xEnfermedades.
_945007
650 1 4 _aGanado lanar
_xEnfermedades.
_945173
650 1 4 _aGanado mular
_xEnfermedades.
_945319
650 1 4 _aGanado porcino
_xEnfermedades.
_945360
650 1 4 _aGanado vacuno
_xEnfermedades.
_945460
650 1 4 _aLlamas (Zoología)
_xEnfermedades.
_967244
650 1 4 _aSanidad animal.
_9102221
901 _aBK
905 _aLilia Sánchez G.
942 _cLIBRO
949 _a636.08947 F3 1995
_bBC
_cFAO
_d33724000705919
_eFAO1
_h94446
_i87058
_kDonaciØn
_sb
999 _c76479
_d76479